| 000 | 00654nam a2200193 i 4500 | ||
|---|---|---|---|
| 001 | 146066 | ||
| 003 | ES-MaACL | ||
| 005 | 20251116063108.0 | ||
| 007 | t| | ||
| 008 | 070730s1944 ag ||||1| spa d | ||
| 100 | 1 |
_aTorres-García, Joaquín, _d1874-1949 _9152454 |
|
| 245 | 1 | 0 |
_aUniversalismo constructivo _b: contribución a la unificación del arte y la cultura de América / _cJoaquín Torres García. |
| 260 |
_aBuenos Aires : _bPoseidón, _c[1944] |
||
| 300 |
_a1011 p., láms col. I-III : _bil. ; _c23 cm. |
||
| 490 | 1 | _aAristarco | |
| 830 | 0 |
_aAristarco _9187417 |
|
| 852 |
_aES-MaACL _jB-1537 _bR.29484 |
||
| 999 |
_c146066 _d146066 |
||